000 00462nam a22001937a 4500
005 20230529145458.0
008 230524b |||||||| |||| 00| 0 eng d
020 _a9780070681798
082 _a621.815
_bBHA-D
100 _aBhandari;V.B
245 _aDesign of Machine Elements
250 _a3rd ed.
260 _aIndia
_bMcGraw Hill
_c2010
300 _a934
500 _aIncludes Index
650 _aEngineering
700 _aV B Bhandari
999 _c18493
_d18493